000 00347 a2200157 4500
001 74852
020 _a978851604542-5
040 _cAnchieta - Colégio São Paulo
100 _aBandeira, Pedro
240 1 0 _aA droga do amor
_lpor
245 1 0 _aA droga do amor
300 _a174
362 0 _a2009
650 4 _aLiteratura juvenil
942 _cBK
999 _c74852
_d74852